LEADER 01125nam0 2200265 450 001 000045432 005 20181029132727.0 100 $a20181012d1933----km-y0itaa50------ba 101 0 $aita 102 $aIT 200 1 $aProduzione e commercio dei prodotti agricoli$e1928-1932$fdati raccolti a cura dell'Istituto nazionale per l'esportazione 205 $a5. ed 210 $aRoma$cTipografia Castaldi$d1933 215 $aXVI, 567 p.$d11 cm. 606 1 $aProdotti agricoli$xCommercio$z1928-1932 676 $a382.410945$v(22. ed.)$9Commercio internazionale (Commercio estero). Prodotti agricoli. Italia 712 02$aIstituto nazionale per l'esportazione 801 0$aIT$bUniversità della Basilicata - B.I.A.$gREICAT$2unimarc 912 $a000045432 996 $aProduzione e commercio dei prodotti agricoli$9457578 997 $aUNIBAS CAT $aSTD119$b01$c20181012$lBAS01$h1539 CAT $aTTM$b30$c20181029$lBAS01$h1327 FMT Z30 -1$lBAS01$LBAS01$mBOOK$1BASA2$APolo Tecnico-Scientifico$2FVIG$BFondo Viggiani$3FVig/43788$643788$5T43788$7Collocato presso la Scuola di Agraria$820181012$f35$FStanza riservata LEADER 01619nam2 2200373 i 450 001 MIL0139736 005 20251003044225.0 010 $a8806126113 020 $aIT$b93-4454 100 $a20030702d1992 ||||0itac50 ba 101 | $aita 102 $ait 181 1$6z01$ai $bxxxe 182 1$6z01$an 183 1$6z01$anc$2RDAcarrier 200 1 $aˆ2: ‰Dallo scioglimento della concentrazione antifascista alla guerra di Spagna, 1934-1937$fCarlo Rosselli$ga cura di Costanzo Casucci 210 $aTorino$cEinaudi$d1992 215 $aXC, 611 p.$d23 cm. 462 1$1001MIL0139731$12001 $aˆ2: ‰Scritti dell'esilio$v2 606 $aGiustizia e libertà$2FIR$3CFIC043271$9E 606 $aLiberalsocialismo$2FIR$3CFIC054691$9E 676 $a320.5$9IDEOLOGIE POLITICHE$v21 676 $a335$9SOCIALISMO E SISTEMI AFFINI$v21 676 $a945.09$9STORIA. ITALIA. 1900-$v23 676 $a945.0915$9STORIA. ITALIA. PERIODO FASCISTA, 1922-1943$v21 700 1$aRosselli$b, Carlo$3CFIV090406$4070$0147755 702 1$aCasucci$b, Costanzo$3CFIV103132 801 3$aIT$bIT-000000$c20030702 850 $aIT-BN0095 $aIT-AV0003 $aIT-NA0079 $aIT-NA0120 912 $aMIL0139736 950 2$aBiblioteca Centralizzata di Ateneo$cv. 1-2$d 01POZZO LIB.ECON MON 9913$e 0101 0000109965E VMA (0002.2 v. 2.2 (precedente collocazione: GUERRAZZI B 1531 2.2)$fB $h20091211$i20091211 977 $a 01$a AR$a BN$a CR 996 $aDallo scioglimento della concentrazione antifascista alla guerra di Spagna$9861796 997 $aUNISANNIO